Wilsonov /

Hlavní autor: Hvorecký, Michal, 1976-
Další autoři: Bekešová, Martina, 1973-
Jazyk: Čeština
Vydáno: Praha : Argo, 2015
Vydání: Vydání první
Témata:
Externí odkaz: Digitalizovaný dokument
Fyzický popis: 141 stran : ilustrace, 1 mapa, faksimile ; 21 cm
Knihy
Uloženo v:
LEADER 01741cam a2200457 i 4500
001 nkc20152750052
003 CZ PrNK
005 20260113235006.0
007 ta
008 151012s2015 xr abh g 000 m cze d
015 |a cnb002750052 
020 |a 978-80-257-1627-4  |q (brožováno) 
035 |a (OCoLC)939571808 
040 |a KLG001  |b cze  |d BOA001  |d ABA001  |e rda 
041 1 |a cze  |h slo 
072 7 |a 821.162.4  |x Slovenská literatura  |2 Konspekt  |9 25 
080 |a 821.162.4-32  |2 MRF 
080 |a (0:82-322.4)  |2 MRF 
080 |a (0:82-32)  |2 MRF 
100 1 |a Hvorecký, Michal,  |d 1976-  |7 xx0004586  |4 aut 
245 1 0 |a Wilsonov /  |c Michal Hvorecký ; ze slovenského originálu přeložila Martina Bekešová 
250 |a Vydání první 
264 1 |a Praha :  |b Argo,  |c 2015 
300 |a 141 stran :  |b ilustrace, 1 mapa, faksimile ;  |c 21 cm 
336 |a text  |b txt  |2 rdacontent 
337 |a bez média  |b n  |2 rdamedia 
338 |a svazek  |b nc  |2 rdacarrier 
500 |a Novela Nejhorší zločin ve Wilsonově vychází v tomto překladu podruhé, v Argu poprvé 
655 7 |a slovenské novely  |7 fd183405  |2 czenas 
655 7 |a detektivní novely  |7 fd132007  |2 czenas 
655 7 |a slovenské povídky  |7 fd133449  |2 czenas 
655 9 |a Slovak novellas  |2 eczenas 
655 9 |a detective novellas  |2 eczenas 
655 9 |a Slovak short stories  |2 eczenas 
700 1 |a Bekešová, Martina,  |d 1973-  |7 js20030407003  |4 trl 
856 4 1 |u http://www.digitalniknihovna.cz/mzk/uuid/uuid:2821d4ad-cc24-11f0-bb71-5202a763ecb8  |y Digitalizovaný dokument  |x NDK 
910 2 |a BOA001  |b 2-1356.586 
990 |a BK 
995 |a 01 
991 |b 201511  |c NOV 
996 6 |b 2610651516  |c 2-1356.586  |l MZK  |r Sklad / do 1 hodiny  |n 0  |p p.v.  |w 001533197  |u 000010  |a 1  |e BOA001  |j MZK50  |s P